Etudes d'alimentation supplementaire d'apic mellifera a la station experimentale se fruit de dragon de l'universite royale d'agriculture (cambodge) ការសិក្សាពីចំណីបន្ថែមលើពូជឃ្មុំអឺរ៉ុបក្នុងស្ថានីយ៍ពិសោធន៍ដំណាំស្រកានាគនៅសាកលវិទ្យាល័យភូមិន្ធកសិកម្ម. (Record no. 1474)

000 -LEADER
fixed length control field 00807nam a22001337a 4500
040 ## - CATALOGING SOURCE
Transcribing agency RUA
082 ## - DEWEY DECIMAL CLASSIFICATION NUMBER
Classification number AGR CHH 2008 B062 Or.1
100 ## - MAIN ENTRY--AUTHOR NAME
Personal name CHHOEUM, CHANKAKADA.
245 ## - TITLE STATEMENT
Title Etudes d'alimentation supplementaire d'apic mellifera a la station experimentale se fruit de dragon de l'universite royale d'agriculture (cambodge) ការសិក្សាពីចំណីបន្ថែមលើពូជឃ្មុំអឺរ៉ុបក្នុងស្ថានីយ៍ពិសោធន៍ដំណាំស្រកានាគនៅសាកលវិទ្យាល័យភូមិន្ធកសិកម្ម.
260 ## - PUBLICATION, DISTRIBUTION, ETC. (IMPRINT)
Place of publication phnom phen
Name of publisher RUA
Year of publication 2008
300 ## - PHYSICAL DESCRIPTION
Number of Pages VII,49p.
Other physical details ill.
Dimensions 29cm.
856 ## - ELECTRONIC LOCATION AND ACCESS
Uniform Resource Identifier https://drive.google.com/file/d/1Rzfq4r9zEXNKT2jN2a1q4U3IyY-6AThW/view?usp=sharing
942 ## - ADDED ENTRY ELEMENTS (KOHA)
Koha item type AGR
952 ## - LOCATION AND ITEM INFORMATION (KOHA)
Withdrawn status [LOCAL, KOHA] 0
952 ## - LOCATION AND ITEM INFORMATION (KOHA)
Withdrawn status [LOCAL, KOHA] 0
952 ## - LOCATION AND ITEM INFORMATION (KOHA)
Withdrawn status [LOCAL, KOHA] 0
952 ## - LOCATION AND ITEM INFORMATION (KOHA)
Withdrawn status [LOCAL, KOHA] 0
952 ## - LOCATION AND ITEM INFORMATION (KOHA)
Withdrawn status [LOCAL, KOHA] 0
952 ## - LOCATION AND ITEM INFORMATION (KOHA)
Withdrawn status [LOCAL, KOHA] 0
952 ## - LOCATION AND ITEM INFORMATION (KOHA)
Withdrawn status [LOCAL, KOHA] 0
952 ## - LOCATION AND ITEM INFORMATION (KOHA)
Withdrawn status [LOCAL, KOHA] 0
952 ## - LOCATION AND ITEM INFORMATION (KOHA)
Withdrawn status [LOCAL, KOHA] 0
952 ## - LOCATION AND ITEM INFORMATION (KOHA)
Withdrawn status [LOCAL, KOHA] 0
952 ## - LOCATION AND ITEM INFORMATION (KOHA)
Withdrawn status [LOCAL, KOHA] 0
952 ## - LOCATION AND ITEM INFORMATION (KOHA)
Withdrawn status [LOCAL, KOHA] 0
952 ## - LOCATION AND ITEM INFORMATION (KOHA)
Withdrawn status [LOCAL, KOHA] 0
Holdings
Permanent Location Date acquired Koha item type Lost status Shelving location Barcode Current Location Full call number
Library Block B2015-09-29AGR B062RUA009969Library Block BAGR CHH 2008 B062 Or.1
Library Block B2015-09-29AGR B062RUA009837Library Block BAGR CHH 2008 B062 Or.2
Library Block B2015-09-29AGR B062RUA009366Library Block BAGR CHH 2008 B062 Or.3
Library Block B2015-09-29AGR B062RUA009765Library Block BAGR CHH 2008 B062 Or.4
Library Block B2015-09-29AGR B062RUA009694Library Block BAGR CHH 2008 B062 Or.5
Library Block B2015-09-29AGR B062RUA009858Library Block BAGR CHH 2008 B062 Or.6
Library Block B2015-09-29AGR B062RUA009910Library Block BAGR CHH 2008 B062 Or.7
Library Block B2015-09-29AGR B062RUA009982Library Block BAGR CHH 2008 B062 Or.8
Library Block B2015-09-29AGR B062RUA009979Library Block BAGR CHH 2008 B062 Or.9
Library Block B2015-09-29AGR B062RUA009907Library Block BAGR CHH 2008 B062 Or.10
Library Block B2015-09-29AGR B062RUA009835Library Block BAGR CHH 2008 B062 Or.11
Library Block B2015-09-29AGR B062RUA009763Library Block BAGR CHH 2008 B062 Or.12
Library Block B2015-09-29AGR B062RUA009691Library Block BAGR CHH 2008 B062 Or.13
មជ្ឈមណ្ឌលឯការនៃសាកលវិទ្យាល័យភូមិន្ទកសិកម្មចំការដូង

Powered by Koha